Effects of Strategic planning on Human Resource Performance In Commercial Banks in Migori Country. Kenya (Record no. 259696)
[ view plain ]
| 000 -LEADER | |
|---|---|
| fixed length control field | 00602nam a22001457a 4500 |
| 003 - CONTROL NUMBER IDENTIFIER | |
| control field | OSt |
| 005 - DATE AND TIME OF LATEST TRANSACTION | |
| control field | 20230206113142.0 |
| 008 - FIXED-LENGTH DATA ELEMENTS--GENERAL INFORMATION | |
| fixed length control field | 230206b xxu||||| |||| 00| 0 eng d |
| 024 ## - OTHER STANDARD IDENTIFIER | |
| Standard number or code | PGD/SHRM/03/11 |
| 040 ## - CATALOGING SOURCE | |
| Transcribing agency | N/A |
| 100 ## - MAIN ENTRY--PERSONAL NAME | |
| Personal name | Maurice Ochieng Kazera |
| 245 ## - TITLE STATEMENT | |
| Title | Effects of Strategic planning on Human Resource Performance In Commercial Banks in Migori Country. Kenya |
| 500 ## - GENERAL NOTE | |
| General note | A research report submitted to the school of business and human resource development in partial fulfillment of the requirement for the award of a master of Science in human resource management. |
| 942 ## - ADDED ENTRY ELEMENTS (KOHA) | |
| Source of classification or shelving scheme | Library of Congress Classification |
| Koha item type | Reference |
| Withdrawn status | Lost status | Source of classification or shelving scheme | Damaged status | Not for loan | Collection code | Home library | Current library | Shelving location | Date acquired | Total Checkouts | Full call number | Barcode | Date last seen | Price effective from | Koha item type |
|---|---|---|---|---|---|---|---|---|---|---|---|---|---|---|---|
| Library of Congress Classification | Reference | Rongo University Library | Rongo University Library | Reference | 06/02/2023 | HF 5437.K39 2014 | RU/SBHR/MU/2014/061 | 06/02/2023 | 06/02/2023 | Reference |
